| 000 | 00653nam a2200217Ia 4500 | ||
|---|---|---|---|
| 003 | OSt | ||
| 005 | 20250305095728.0 | ||
| 008 | 210719s2007 xx 000 0 und d | ||
| 040 | _cAL | ||
| 041 | _aKannada | ||
| 082 | _aK894.1 ARAE | ||
| 100 |
_aARATI PATRAME _dಆರತಿ ಪಟ್ರಮೆ _9203994 |
||
| 245 |
_aEllihalu nanna chaya? _bಎಲ್ಲಿಹಳು ನನ್ನ ಛಾಯಾ |
||
| 260 |
_aBengaluru _bAbhinava Prakashana _c2007 |
||
| 300 |
_a63 _bPB |
||
| 365 |
_b35 _cRs |
||
| 650 |
_aKannada Poetry _9203995 |
||
| 650 |
_aKavana sankalana _9203996 |
||
| 906 | _achaya? ; Ellihalu ; Kavana ; nanna ; sankalana | ||
| 942 |
_2ddc _cBK |
||
| 999 |
_c214992 _d214992 |
||